Jours fériés au Japon - Statistiques

Statistiques générales
  • Ce quiz a été pris 7 fois
  • Le résultat moyen est 5 sur 16
Statistiques - réponses
Date Jour férié % Correct
5 mai Jour des enfants
86%
1er janvier Nouvel An
86%
23 février Anniversaire de l'Empereur
43%
3ème lundi de juillet Jour de la mer
43%
11 août Jour de la montagne
43%
23 novembre Fête du travail
29%
2ème lundi de janvier Jour d'accès à la majorité
29%
2ème lundi d'octobre Jour du sport
29%
11 février Anniversaire de la fondation de l'Etat
14%
22 ou 23 septembre Equinoxe d'automne
14%
19, 20 ou 21 mars Equinoxe de printemps
14%
4 mai Fête de la nature
14%
3 novembre Jour de la culture
14%
29 avril Anniversaire de l'Empereur Showa
0%
3 mai Commémoration de la Constitution
0%
3ème lundi de septembre Journée du respect pour les personnages âgées
0%
Aucun quiz correspondant
Distribution des résultats
% des personnes avec chaque résultat
Percentile par nombre de réponses
Votre historique - résultats
Vous n’avez pas pris ce quiz